| 000 | 00514nam a22001697a 4500 | ||
|---|---|---|---|
| 005 | 20251108165325.0 | ||
| 008 | 250721s1995 xx 000 0 ara d | ||
| 082 | 1 | 4 | _a635/صلا |
| 100 | 1 | _aاليتيم، صلاح الدين محمود | |
| 245 | 1 | 0 | _aمقدمة في علم البساتين / |
| 264 | 1 |
_aطرابلس ( ليبيا ) : _bالجامعة المفتوحة، _c1995. |
|
| 300 | _a575ص | ||
| 650 | 1 | 7 | _aعلم البساتين |
| 650 | 1 | 7 | _aالخضروات |
| 942 |
_2ddc _cBK |
||
| 999 |
_c25084 _d25084 |
||